|
|
|
|
| LEADER |
02770nam a2200505Ii 4500 |
| 001 |
33782 |
| 003 |
BD-DhAAL |
| 005 |
20211121150034.0 |
| 008 |
091015r20091969nyu 000 1 eng d |
| 999 |
|
|
|c 39958
|d 39958
|
| 020 |
|
|
|a 9780812988529 (pbk.)
|
| 035 |
|
|
|a (OCoLC)919108509
|
| 035 |
|
|
|a 9150230
|
| 040 |
|
|
|a NIC
|b eng
|e rda
|c NIC
|d NIC
|d BD-DhAAL
|
| 050 |
|
4 |
|a PS3543.O58
|b S6 2015
|
| 082 |
|
|
|2 23
|a 813.54
|
| 100 |
1 |
|
|a Vonnegut, Kurt.
|9 28118
|
| 245 |
1 |
0 |
|a Slaughterhouse-five or The children's crusade :
|b a duty-dance with death /
|c Kurt Vonnegut.
|
| 246 |
3 |
0 |
|a Slaughterhouse-five
|
| 246 |
3 |
0 |
|a Children's crusade
|
| 250 |
|
|
|a Cornell University edition.
|
| 260 |
|
|
|a New York :
|b Dial Press,
|c 2009 [reprinted]
|
| 300 |
|
|
|a 275 pages ;
|c 21 cm.
|
| 500 |
|
|
|a Originally published by Delacorte Press in 1969.
|
| 500 |
|
|
|a "Dial Press Trade Paperback Edition" -- t.p. verso.
|
| 520 |
|
|
|a Billy Pilgrim returns home from the Second World War only to be kidnapped by aliens from the planet Tralfamadore, who teach him that time is an eternal present.
|
| 541 |
|
|
|a Karim International
|e 33782, 33783, 33784, 33785, 33786
|
| 611 |
2 |
7 |
|a World War (1939-1945)
|9 28119
|
| 650 |
|
0 |
|a World War, 1939-1945
|v Fiction.
|9 28120
|
| 650 |
|
0 |
|a Free will and determinism
|v Fiction.
|9 28121
|
| 650 |
|
0 |
|a English literature.
|9 42924
|
| 650 |
|
7 |
|a Free will and determinism.
|2 fast
|9 28122
|
| 655 |
|
7 |
|a Historical fiction.
|2 gsafd
|9 42925
|
| 655 |
|
7 |
|a Science fiction.
|2 gsafd
|9 42926
|
| 655 |
|
7 |
|a War stories.
|2 gsafd
|9 42927
|
| 655 |
|
0 |
|a War stories.
|9 42927
|
| 655 |
|
7 |
|a Fiction.
|2 fast
|9 42928
|
| 655 |
|
7 |
|a War stories.
|2 fast
|9 42927
|
| 852 |
|
|
|a Ayesha Abed Library
|c General Stacks
|
| 942 |
|
|
|2 ddc
|c BK
|
| 952 |
|
|
|0 0
|1 0
|2 ddc
|4 0
|6 813_540000000000000_VON
|7 0
|9 64398
|a BRACUL
|b BRACUL
|c GEN
|d 2018-09-13
|e Karim International
|g 1614.60
|l 3
|m 22
|o 813.54 VON
|p 3010033782
|r 2025-03-12
|s 2025-02-24
|t 1
|v 1614.60
|w 2018-09-13
|y BK
|
| 952 |
|
|
|0 0
|1 0
|2 ddc
|4 0
|6 813_540000000000000_VON
|7 0
|9 64399
|a BRACUL
|b BRACUL
|c GEN
|d 2018-09-13
|e Karim International
|g 1614.60
|l 8
|m 74
|o 813.54 VON
|p 3010033784
|r 2025-07-09
|s 2024-12-19
|t 3
|v 1614.60
|w 2018-09-13
|y BK
|
| 952 |
|
|
|0 0
|1 0
|2 ddc
|4 0
|6 813_540000000000000_VON
|7 0
|9 64400
|a BRACUL
|b BRACUL
|c GEN
|d 2018-09-13
|e Karim International
|g 1614.60
|l 4
|m 6
|o 813.54 VON
|p 3010033783
|r 2025-05-08
|s 2025-04-23
|t 2
|v 1614.60
|w 2018-09-13
|y BK
|
| 952 |
|
|
|0 0
|1 0
|2 ddc
|4 0
|6 813_540000000000000_VON
|7 0
|9 64401
|a BRACUL
|b BRACUL
|c GEN
|d 2018-09-13
|e Karim International
|g 1614.60
|l 7
|m 27
|o 813.54 VON
|p 3010033785
|r 2025-04-08
|s 2025-03-04
|t 4
|v 1614.60
|w 2018-09-13
|y BK
|
| 952 |
|
|
|0 0
|1 0
|2 ddc
|4 0
|6 813_540000000000000_VON
|7 0
|9 64402
|a BRACUL
|b BRACUL
|c GEN
|d 2018-09-13
|e Karim International
|g 1614.60
|l 12
|m 45
|o 813.54 VON
|p 3010033786
|q 2026-05-21
|r 2026-05-14
|s 2026-05-14
|t 5
|v 1614.60
|w 2018-09-13
|y BK
|